| 000 -CABECERA |
| Longitud fija campo de control |
00752cam-a2200253z--4500 |
| 001 - NÚMERO DE CONTROL |
| Número de control |
991058544027006706 |
| 003 - IDENTIFICADOR DEL NÚMERO DE CONTROL |
| Identificador del número de control |
OSt |
| 005 - FECHA Y HORA DE LA ÚLTIMA TRANSACCIÓN |
| Fecha y hora de la última transacción |
20211217113344.0 |
| 008 - CÓDIGOS DE INFORMACIÓN DE LONGITUD FIJA |
| Códigos de información de longitud fija |
200901u2009uuuuuuuuu-|-o----u|----|fre-d |
| 020 ## - NÚMERO INTERNACIONAL NORMALIZADO PARA LIBROS |
| Número Internacional Normalizado para Libros (ISBN) |
2271121809 |
| 035 ## - NÚMERO DE CONTROL DEL SISTEMA |
| Número de control del sistema |
(CKB)4100000009049674 |
| 035 ## - NÚMERO DE CONTROL DEL SISTEMA |
| Número de control del sistema |
(PPN)237721864 |
| 035 ## - NÚMERO DE CONTROL DEL SISTEMA |
| Número de control del sistema |
(EXLCZ)994100000009049674 |
| 040 ## - FUENTE DE LA CATALOGACIÓN |
| Lengua de catalogación |
cat |
| Centro transcriptor |
CDMR |
| 245 14 - MENCIÓN DE TÍTULO |
| Título |
Les sciences de l'information et de la communication |
| Mención de responsabilidad, etc. |
/ coordonné par Éric Dacheux |
| 260 ## - PUBLICACIÓN, DISTRIBUCIÓN, ETC. (PIE DE IMPRENTA) |
| Lugar de publicación, distribución, etc. |
Paris: |
| Nombre del editor, distribuidor, etc. |
CNRS Éditions, |
| Fecha de publicación, distribución, etc. |
2009 |
| 300 ## - DESCRIPCIÓN FÍSICA |
| Extensión |
163 pàgines |
| Dimensiones |
; 20 cm |
| 490 ## - MENCIÓN DE SERIE |
| Mención de serie |
Les Essentiels d'Hermès |
| 650 #0 - PUNTO DE ACCESO ADICIONAL DE MATERIA - TÉRMINO DE MATERIA |
| 9 (RLIN) |
4579 |
| Término de materia o nombre geográfico como elemento inicial |
Comunicació en ciències de la informació |
| 700 ## - PUNTO DE ACCESO ADICIONAL - NOMBRE DE PERSONA |
| 9 (RLIN) |
4763 |
| Nombre de persona |
Dacheux, Éric |
| 776 ## - ENLACE A UN FORMATO FÍSICO ADICIONAL |
| Número Internacional Normalizado para Libros (ISBN) |
2-271-06873-8 |
| 906 ## - ELEMENTO F DATOS LOCALES, FDL (RLIN) |
| a |
BOOK |
| 942 ## - ENTRADA DE ELEMENTOS AGREGADOS (KOHA) |
| Fuente de clasificaión o esquema |
|
| Koha [por defecto] tipo de item |
Monografies |